00574 2200205 4500001002100000005001500021035002000036007000300056008004100059020002200100082001200122084001800134100003900152245006100191250001600252260004800268300002100316650001800337990001300355INLIS00000000000006420170907023305 a0010-0917000050ta170907 0  a978-979-769-136-3 a297.633 a297.633 SHO a0 aSholahuddin, S.E., M.Si., Muhammad1 aAsas - Asas Ekonomi Islam /cM. Sholahuddin, S.E., M.Si. aEd.1, Cet.1 aJakarta :bPt. Raja Grafindo Persada,c2007 a295 hlm ;c21 Cm aEkonomi Islam a1071 771